Normal view
MARC view
Entry Topical Term
001 - CONTROL NUMBER
- control field: 43090
003 - CONTROL NUMBER IDENTIFIER
- control field: dpl
005 - DATE AND TIME OF LATEST TRANSACTION
- control field: 20120227150713.0
008 - FIXED-LENGTH DATA ELEMENTS
- fixed length control field: 120227|||a|||||| | ||| d
040 ## - CATALOGING SOURCE
- Original cataloging agency: dpl
- Transcribing agency: dpl
150 ## - HEADING--TOPICAL TERM
- Topical term or geographic name as entry element: Branding (Marketing)
- Geographic subdivision: India.
670 ## - SOURCE DATA FOUND
- Source citation: Work cat.: (dpl): Halve, Anand Bhaskar, 1955- 43088, Darwin’s brands :, 2012
670 ## - SOURCE DATA FOUND
- Source citation: Work cat.: (dpl): Halve, Anand Bhaskar, 1955- 43088, Darwin’s brands :, 2012
